00332nam a2200133Ia 4500008004100000020001600041041001200057082001600069100001500085245004000100260003600140300000800176650001400184221030s9999 xx 000 0 und d a817884021IX aEnglish a105.23bJai aV. K. Jain 0aAdvanced Database Management System bCyber Tech PubaNew Delhic2003 a663 aComputers